000 00295nam a22001337a 4500
008 181009b xxu||||| |||| 00| 0 eng d
020 _a9780691125961
041 _aeng
080 _a370
100 _a47
101 _aEDU
245 _aOur Underachieving College
_cBok.D
942 _2udc
_cBK
999 _c49227
_d49227